| 000 | 00597nam a22001931 4500 | ||
|---|---|---|---|
| 001 | bimo0001441422 | ||
| 003 | OSt | ||
| 005 | 20140826213008.0 | ||
| 008 | 981210s1929 sp spa | ||
| 040 |
_aSpMaBN _cBMC |
||
| 082 | _a822.33 W5-6 | ||
| 100 |
_968 _aShakespeare, William _d1564-1616 |
||
| 245 | 1 | 3 |
_aLa primera [segundo y tercera] parte del rey Enrique VI _cWilliam Shakespeare ; [traducción del inglés por Luis Astrana Marín] |
| 260 | 0 |
_aMadrid _bEspasa-Calpe _c1971 |
|
| 300 |
_a261 p. _c18 cm |
||
| 490 | 0 |
_aAustral _v1442 |
|
| 700 |
_aAstrana Marín, Luis _970 |
||
| 942 |
_2ddc _cBK |
||
| 999 |
_c626 _d626 |
||